000 00382 a2200169 4500
001 175444
020 _a85-08-06498-5
040 _cMagnum
100 _aGewandsznajder, Fernando
240 1 0 _aBiologia hoje 1
_lpor
245 1 0 _aBiologia hoje 1
300 _a408
362 0 _a2000
440 1 _aÁtica
697 _aCIÊNCIAS FÍSICAS, QUÍMICAS E BIOLÓGICAS
942 _cBK
999 _c175444
_d175444